Komunikácia v organizáciách

Uložené v:
Podrobná bibliografia
Hlavný autor: Ferjenčík, Ján
Korporativný autor: Ekonomická univerzita v Bratislave. Podnikovohospodárska fakulta so sídlom v Košiciach
Médium: Kniha
Jazyk:Slovak
Vydavateľské údaje: Bratislava Vydavateľstvo Ekonóm 2001
Predmet:
Tagy: Pridať tag
Žiadne tagy, Buďte prvý, kto otaguje tento záznam!

MARC

LEADER 00000nam a2200000 4500
001 c127528
005 20221124101652.2
020 |a 80-225-1415-2 
041 0 |a slo 
044 |a SK 
245 1 0 |a Komunikácia v organizáciách  |c Ján Ferjenčík 
264 1 |a Bratislava  |b Vydavateľstvo Ekonóm  |c 2001 
300 |a 140 s. 
610 2 0 |a komunikácia 
610 2 0 |a konflikty 
610 2 0 |a organizácia 
610 2 0 |a informácie 
610 2 0 |a riadenie 
100 1 |a Ferjenčík, Ján 
710 2 |a Ekonomická univerzita v Bratislave. Podnikovohospodárska fakulta so sídlom v Košiciach